000
00278nam a2200121Ia 4500
008
231106s2019 xx 000 0 und d
041
_a
eng
082
_a
751.42
100
_a
SAMANTHA NELSEN
245
_a
30-SECOND MYTHOLOGY
260
_b
SEARCH PRESS
_c
2019
300
_a
P-128
999
_c
920122
_d
920122